| 000 | 00899nam a2200241 4500 | ||
|---|---|---|---|
| 040 | _cPAK-NSHSPAK | ||
| 082 |
_a616.89 _bSKE |
||
| 110 |
_aThe Team of Subject Specialists _9126204 |
||
| 245 | 1 |
_aSketchy pathology & pharmacology : _bhelpful for MBBS 3rd year and USMLE step-1 / _cThe Team of Subject Specialists. |
|
| 246 | 1 | 0 | _aPathology and pharmacology |
| 250 | _a2019-2020 edition. | ||
| 260 |
_a[New York] : _bSketchy, _c[2020] |
||
| 300 |
_a180 pages : _bill. ; _c24 cm. |
||
| 500 | _aDoodles for studying. | ||
| 546 | _aIn English | ||
| 650 | 0 |
_aMental illness. _9113413 |
|
| 650 | 0 |
_aMental illness _xPathophysiology. _9126210 |
|
| 650 | 0 |
_aMental illness _xTreatment. _9126211 |
|
| 650 | 1 | 2 |
_aMental Disorders _xdrug therapy. _9126212 |
| 650 | 1 | 2 |
_aMental Disorders _xphysiopathology. _9126213 |
| 942 |
_2ddc _cBK |
||
| 999 |
_c611923 _d611923 |
||